[Event "UT Dallas Spring Int 2014"]
[Site "Dallas USA"]
[Date "2014.03.09"]
[Round "2"]
[White "Nyzhnyk,I"]
[Black "Kadric,D"]
[Result "1/2-1/2"]
[WhiteElo "2629"]
[BlackElo "2485"]

1.d4 d5 2.c4 dxc4 3.e4 Nc6 4.Nf3 Bg4 5.Bxc4 e6 6.Be3 Nf6 7.Nc3 Bb4 8.d5 exd5
9.exd5 Bxc3+ 10.bxc3 Ne5 11.Bb5+ Kf8 12.Bc5+ Kg8 13.Qd4 Bxf3 14.Qxe5 Nd7
15.Bxd7 Qxd7 16.O-O Qg4 17.Qg3 Qxg3 18.hxg3 Bxd5 19.Rfd1 Be6 20.a4 h6 21.a5 Kh7
22.Be3 Rhc8 23.f3 b6 24.g4 g5 25.Kf2 Kg6 26.Kg3 Rd8 27.f4 f5  1/2-1/2

[Event "15th ch-EUR Indiv 2014"]
[Site "Yerevan ARM"]
[Date "2014.03.14"]
[Round "11.58"]
[White "Golod,V"]
[Black "Dastan,B"]
[Result "0-1"]
[WhiteElo "2573"]
[BlackElo "2416"]

1.d4 d5 2.c4 dxc4 3.e4 Nf6 4.e5 Nd5 5.Bxc4 Nb6 6.Bd3 Nc6 7.Ne2 Bg4 8.f3 Be6
9.Nbc3 Qd7 10.Ne4 Bd5 11.Nc5 Qc8 12.a3 e6 13.Qc2 Bxc5 14.Qxc5 a6 15.Qc2 Qd7
16.Be3 O-O-O 17.b4 Ne7 18.O-O Bc6 19.Bg5 Rhe8 20.Rfc1 Kb8 21.Be4 Ba4 22.Qa2 h6
23.Bh4 Rc8 24.Nc3 Bc6 25.Bxc6 Qxc6 26.b5 axb5 27.Qb1 Nbd5 28.Nxb5 Qb6 29.a4 Nf5
30.a5 Qa6 31.Bf2 Nf4 32.Ra2 Red8 33.Rb2 g5 34.Kh1 c6 35.Nd6 Nxd6 36.Rb6 Qxa5
37.exd6 Rd7 38.Rb2 Qd5 39.Ra2 Nd3 40.Rd2 Nxc1 41.Qxc1 f5 42.Qa1 Rxd6 43.Ra2 Kc7
44.Ra5 Qb3 45.Ra3 Qb5 46.Ra5 Qb6 47.Qe1 Rd5 48.Ra1 Kd7 49.h4 Qc7 50.Bg3 Qd8
51.Rb1 Rb5 52.Rxb5 cxb5 53.Qe5 f4 54.Qxb5+ Kc7 55.Bf2 Qd5 56.Qb4 Kb8 57.Kh2 Re8
58.Qb1 gxh4 59.Qg6 Rf8 60.Bxh4 Qf5 61.Qg7 Rf7 62.Qg8+ Ka7 63.Qe8 Qh5 64.Kg1 Rf5
65.Qxe6 Ra5 66.Qe1 Ra2 67.Bf2 Qd5 68.Qc1 b5 69.Qc7+ Ka6 70.Qxf4 b4 71.Qxh6+ Kb5
72.Qg6 b3 73.Qd3+ Qc4 74.Qf5+ Ka4 75.Qd7+ Ka3 76.Qd6+ Kb2 77.d5 Kb1 78.Qg6+ Qc2
79.Qb6 Qd3 80.Kh2 Qxd5 81.Be3 Qd3 82.Bf4 Ra6 83.Qg1+ Ka2 84.Qf2+ Qc2 85.Qd4 b2
86.Qd5+ Qb3 87.Qd2 Qb5 88.g4 Ra3 89.Kg3 Qd3 90.Qf2 Qxf3+ 91.Qxf3 Rxf3+ 92.Kxf3 b1=Q
93.Be5 Kb3 94.Kf4 Qg6 95.Kg3 Kc4 96.Bf4 Kd5 97.Bc1 Ke4 98.Ba3 Qa6 99.Bb4 Qd3+
100.Kh4 Kf4  0-1

[Event "Caissa GM March 2014"]
[Site "Kecskemet HUN"]
[Date "2014.03.15"]
[Round "1.3"]
[White "Ilincic,Z"]
[Black "Fodor,T jr"]
[Result "0-1"]
[WhiteElo "2430"]
[BlackElo "2445"]

1.d4 d5 2.c4 dxc4 3.e4 Nf6 4.Nc3 e5 5.Nf3 exd4 6.Qxd4 Qxd4 7.Nxd4 Bc5 8.Ndb5 Na6
9.Bf4 c6 10.Nd6+ Bxd6 11.Bxd6 Be6 12.O-O-O O-O-O 13.f4 Ne8 14.Be5 Rxd1+ 15.Nxd1 f6
16.Bd4 Nd6 17.Nf2 Nb5 18.Be3 Rd8 19.f5 Bf7 20.g4 Nd4 21.g5 Nb4 22.Bxd4 Rxd4
23.a3 Na6 24.gxf6 gxf6 25.Kc2 Nc7 26.Rg1 Ne8 27.Rg3 b5 28.Rh3 h5 29.Be2 Nd6
30.Bxh5 Bxh5 31.Rxh5 Nxe4 32.Nxe4 Rxe4 33.Rh6 Re2+ 34.Kc3 Kc7 35.h4 Re3+
36.Kc2 Rh3 37.h5 a5 38.Rxf6 Rxh5 39.Rf8 Rh2+ 40.Kc1 Kd6 41.f6 Rf2 42.f7 Kc5
43.Ra8 Rxf7 44.Rxa5 Kd4 45.Ra6 Kd3 46.Kb1 Rf1+ 47.Ka2 Kc2 48.Rxc6 Rb1 49.Rh6 Rxb2+
50.Ka1 c3 51.Rh5 b4 52.axb4 Kb3  0-1

[Event "Caissa GM March 2014"]
[Site "Kecskemet HUN"]
[Date "2014.03.15"]
[Round "1.1"]
[White "Wang Puchen"]
[Black "Varga,Zo"]
[Result "0-1"]
[WhiteElo "2470"]
[BlackElo "2449"]

1.d4 d5 2.c4 dxc4 3.e4 Nf6 4.e5 Nd5 5.Bxc4 Nb6 6.Bd3 Nc6 7.Be3 Nb4 8.Be4 c6
9.Nc3 g6 10.Nge2 f5 11.exf6 exf6 12.O-O Bd6 13.Nf4 Bxf4 14.Bxf4 Be6 15.Re1 Kf7
16.Qf3 Re8 17.h4 N4d5 18.h5 Nxc3 19.bxc3 f5 20.Bc2 Qh4 21.hxg6+ hxg6 22.Bg3 Qh6
23.Bf4 g5 24.Rxe6 Rxe6 25.Be5 Rxe5 26.dxe5 Rh8 27.Qxf5+ Ke7 28.f3 Nd5 29.Rd1 g4
30.f4 Qh2+ 31.Kf2 Qh4+ 32.Kg1 Rh5 33.Qe4 g3 34.Kf1 Qh1+ 35.Ke2 Nxc3+ 36.Kf3 Nxe4
37.Rxh1 Nd2+ 38.Ke2 Rxh1 39.Kxd2 Rf1 40.Bb3 Rxf4  0-1

[Event "TCh-SUI 2014"]
[Site "Switzerland SUI"]
[Date "2014.03.16"]
[Round "1.5"]
[White "Brunner,N"]
[Black "Vezzosi,P"]
[Result "1-0"]
[WhiteElo "2449"]
[BlackElo "2277"]

1.d4 d5 2.c4 dxc4 3.e4 Nc6 4.Nf3 Bg4 5.d5 Ne5 6.Bf4 Ng6 7.Be3 e5 8.Bxc4 Nf6
9.Nc3 a6 10.Be2 Bd6 11.O-O O-O 12.Nd2 Bxe2 13.Qxe2 Qe7 14.Nb3 Rfc8 15.Rfd1 Bb4
16.f3 Nd7 17.Rac1 h5 18.a3 Bd6 19.g3 Qf6 20.Rf1 h4 21.Qd2 Qe7 22.Na4 b6 23.Rc2 Nf6
24.Nc3 Nh5 25.Ne2 Qd7 26.Kg2 Nf6 27.Rfc1 Rf8 28.Qd3 Kh8 29.Nd2 Rfb8 30.Nc4 Ne8
31.Nxd6 Qxd6 32.Bd2 hxg3 33.hxg3 Ne7 34.Qe3 Rb7 35.Qg5 f6 36.Qh5+ Kg8 37.Bb4 Qd7
38.Rh1 Rd8 39.g4 Nd6 40.Ng3 Qe8 41.Qh7+ Kf7 42.Nf5 Nexf5 43.gxf5 Qg8 44.Qg6+ Kf8
45.a4 Qf7 46.Rh8+ Ke7 47.Qxf7+  1-0

[Event "TCh-CZE Extraliga 2013-14"]
[Site "Frydek-Mistek CZE"]
[Date "2014.03.23"]
[Round "11.2"]
[White "Jakubowski,K"]
[Black "Azarov,S"]
[Result "1/2-1/2"]
[WhiteElo "2532"]
[BlackElo "2616"]

1.d4 d5 2.c4 dxc4 3.e4 Nf6 4.e5 Nd5 5.Bxc4 Nb6 6.Bd3 Nc6 7.Be3 Nb4 8.Be4 f5
9.a3 fxe4 10.axb4 Bf5 11.Nc3 e6 12.b5 Nc4 13.Qb3 Nxe3 14.fxe3 Qg5 15.Nge2 Qxe3
16.b6 Be7 17.Rf1 O-O 18.Rxf5 Rxf5 19.Qxe6+ Rf7 20.bxc7 Bg5 21.c8=Q+ Rxc8
22.Qxc8+ Rf8 23.Qc4+ Kh8 24.Nb1 a6 25.d5 Qf2+ 26.Kd1 Qxg2 27.Nbc3 Qf1+ 28.Kc2 Qxa1
29.Qxe4 b5 30.d6 Qe1 31.Kb3 Qd2 32.Qd4 Qxd4 33.Nxd4 Re8 34.e6 Kg8 35.Nd5 Kf8
36.Kb4 Rc8 37.Nc7 Be7 38.dxe7+ Kxe7 39.Nf5+ Kf6 40.Nd6 Rd8 41.Kc5 g6 42.Kc6 Ke7
43.Nb7 Rd2 44.b4 g5 45.Nc5 Rd6+ 46.Kb7 g4 47.Ne4 Rd3 48.Ng3 Rf3 49.Kxa6 Rf2
50.Kb6 h5 51.Nxh5 Rxh2 52.Nf4 g3 53.Ncd5+ Kd6 54.Ne3 Rh8 55.Kxb5 Rf8 56.Neg2 Rb8+
57.Kc4 Rc8+ 58.Kb3 Rb8 59.Ne3 Rf8 60.Nc4+ Ke7 61.Ng6+ Kf6 62.e7 Rb8 63.Nf4 g2
64.e8=Q Rxe8 65.Nxg2 Rb8 66.Nge3 Rxb4+ 67.Kxb4  1/2-1/2

[Event "TCh-HUN 2013-14"]
[Site "Zalaegerszeg HUN"]
[Date "2014.03.23"]
[Round "7"]
[White "Lizak,P"]
[Black "Almasi,I"]
[Result "1-0"]
[WhiteElo "2408"]
[BlackElo "2399"]

1.d4 d5 2.c4 dxc4 3.e4 e5 4.Nf3 exd4 5.Bxc4 Bb4+ 6.Nbd2 Nc6 7.O-O Qf6 8.a3 Bxd2
9.Qxd2 Be6 10.Bb5 Ne7 11.Qxd4 Qxd4 12.Nxd4 Bd7 13.Nxc6 Bxc6 14.Bc4 Ng6 15.Rd1 Ne5
16.Bf1 Rd8 17.Bf4 f6 18.f3 Ke7 19.Be3 Rxd1 20.Rxd1 Rd8 21.Bc5+ Ke8 22.Rxd8+ Kxd8
23.Kf2 a6 24.Bd4 g5 25.Kg3 Bd7 26.h4 h6 27.f4 gxf4+ 28.Kxf4 Ng6+ 29.Kg3 Ne5
30.Be2 Ke7 31.Be3 Bc6 32.Bxh6 Bxe4 33.Bd2 Nd3 34.Bc3 c5 35.Bf3 f5 36.h5 Kf7
37.Kh4 b5 38.Kg5 a5 39.h6 Kg8 40.Bh5 f4 41.Bg6  1-0

[Event "Copenhagen GM 2014"]
[Site "Copenhagen DEN"]
[Date "2014.03.29"]
[Round "6.5"]
[White "Svane,R"]
[Black "Richter,Mic"]
[Result "1/2-1/2"]
[WhiteElo "2477"]
[BlackElo "2470"]

1.d4 d5 2.c4 dxc4 3.e4 e5 4.Nf3 exd4 5.Bxc4 Nc6 6.O-O Be6 7.Bb5 Bc5 8.b4 Bb6
9.a4 a6 10.Bxc6+ bxc6 11.a5 Ba7 12.Bb2 Nf6 13.Bxd4 Nxe4 14.Bxa7 Qxd1 15.Rxd1 Rxa7
16.Nd4 Bd5 17.f3 Nf6 18.Nc3 O-O 19.Nxd5 cxd5 20.Nc6 Rb7 21.Rac1 h5 22.Rc5 Re8
23.Kf2 Kf8 24.Rd3 g6 25.Re3 Re6 26.b5 Rxb5 27.Rxb5 axb5 28.Rxe6 fxe6 29.Ne5 c5
30.a6 Ne8 31.Nxg6+ Kg7 32.Ne5 Nc7 33.a7 b4 34.Ke2 b3 35.Kd2 c4 36.g4 hxg4
37.fxg4 Kf6 38.Nd7+ Kg5 39.Nc5 c3+ 40.Kxc3 Nb5+ 41.Kxb3 Nxa7 42.Nxe6+ Kxg4
43.Nc7 Kh3 44.Nxd5 Kxh2  1/2-1/2

[Event "ch-Moscow 2014"]
[Site "Moscow RUS"]
[Date "2014.03.29"]
[Round "8.9"]
[White "Seliverstov,Vl"]
[Black "Dragomarezkij,E"]
[Result "1/2-1/2"]
[WhiteElo "2440"]
[BlackElo "2377"]

1.d4 d5 2.c4 dxc4 3.e4 Nf6 4.e5 Nd5 5.Bxc4 Nc6 6.Nc3 Be6 7.Bb3 Na5 8.Ba4+ c6
9.Nge2 g6 10.O-O Bg7 11.Ne4 O-O 12.Nc5 Bc8 13.a3 Nc4 14.Bb3 Ncb6 15.Ng3 Nc7
16.Re1 Nbd5 17.h4 Ne6 18.Nxe6 Bxe6 19.h5 Qd7 20.hxg6 hxg6 21.Ne4 Rad8 22.Bg5 b6
23.Rc1 Nc7 24.Be3 Nb5 25.Bxe6 Qxe6 26.Ng5 Qf5 27.g4 Qd7 28.e6 fxe6 29.Qc2 e5
30.Qc4+ Kh8 31.dxe5 Nd4 32.e6 Qd5 33.Bxd4 Qxd4 34.Nf7+ Kg8 35.Re2 Rd5 36.Qxd4 Rxd4
37.Rxc6 Rxg4+ 38.Kf1 Ra4 39.Kg2 Bf6 40.Rd2 Re4 41.b4 Bh4 42.Kf3 Re1 43.Rd4 Bf6
44.Rd3 Kg7 45.Re3 Rd1 46.Ke4 Rd4+ 47.Kf3 g5 48.Ke2 Kg6 49.Rd3 Re4+ 50.Re3 Rh4
51.Rd3 Ra8 52.Rd5 Re4+ 53.Kf3 Re1 54.Kg4 Rg1+ 55.Kf3 Ra1 56.Kg4 Rxa3 57.Ne5+ Kg7
58.Nd7 Rh8 59.Nxf6 exf6 60.e7 Kf7 61.f3 Rh4+ 62.Kg3 Rf4 63.Rc7 Rfxf3+ 64.Kg2 Rfe3
65.e8=Q+ Kxe8 66.Rdd7 Ra2+ 67.Kf1 Rh3 68.Re7+ Kf8 69.Kg1 Rd2 70.Rf7+ Kg8
71.Rg7+ Kh8 72.Rgf7 Rd8 73.Rxa7 Rh6 74.Rab7 Rd1+ 75.Kg2 Rd2+ 76.Kg1 Kg8 77.Rg7+ Kh8
78.Rgf7 Rd1+ 79.Kg2 Rd2+ 80.Kg1  1/2-1/2

[Event "TCh-CZE Zapad 2013-14"]
[Site "Hradec Kralove CZE"]
[Date "2014.03.30"]
[Round "10.3"]
[White "Juptner,J"]
[Black "Vojta,T"]
[Result "1/2-1/2"]
[WhiteElo "2340"]
[BlackElo "2345"]

1.d4 d5 2.c4 dxc4 3.e4 Nc6 4.Be3 Nf6 5.e5 Nd5 6.Bxc4 Bf5 7.Nc3 e6 8.Nf3 Bb4
9.Bd2 O-O 10.Nxd5 exd5 11.Bb5 Be7 12.O-O Bg4 13.Bxc6 bxc6 14.h3 Bh5 15.Rc1  1/2-1/2

[Event "ch-URU 2014"]
[Site "Montevideo URU"]
[Date "2014.04.07"]
[Round "7.2"]
[White "Lopez Azambuja,N"]
[Black "Sanguinetti,L"]
[Result "1/2-1/2"]
[WhiteElo "2207"]
[BlackElo "2241"]

1.d4 d5 2.c4 dxc4 3.e4 Nf6 4.e5 Nd5 5.Bxc4 Nc6 6.Ne2 Nb6 7.Bd3 Bg4 8.Be3 Qd7
9.Nbc3 O-O-O 10.a4 a6 11.Be4 e6 12.O-O Be7 13.f3 Bf5 14.a5 Nd5 15.Nxd5 exd5
16.Bxf5 Qxf5 17.Ng3 Qd7 18.Qd3 Bb4 19.Bd2 Bxd2 20.Qxd2 h5 21.b4 Na7 22.Qd3 Nb5
23.Rac1 Qe6 24.Rc5 c6 25.Rc2 Rde8 26.Nf5 Qg6 27.Rd1 h4 28.Ne3 Qxd3 29.Rxd3 Kd7
30.Kf2 Ke6 31.f4 f5 32.Nf1 g5 33.fxg5 Reg8 34.Nd2 Rxg5 35.Nf3 Rg4 36.h3 Rg7
37.Rc1 Rg3 38.Rg1 f4 39.Rd2 Nc3 40.Rc2 Nb5 41.Rd2 Nc3 42.Rc2  1/2-1/2

[Event "TCh-NED Meesterklasse 2013-14"]
[Site "Netherland NED"]
[Date "2014.04.12"]
[Round "8.1"]
[White "Giri,A"]
[Black "Jussupow,Ar"]
[Result "1/2-1/2"]
[WhiteElo "2737"]
[BlackElo "2579"]

1.d4 d5 2.c4 dxc4 3.e4 e5 4.Nf3 Bb4+ 5.Nc3 exd4 6.Qxd4 Qxd4 7.Nxd4 Nf6 8.f3 Bc5
9.Be3 Nc6 10.Nc2 Bxe3 11.Nxe3 Be6 12.O-O-O Ne5 13.Nb5 Ke7 14.Nxc7 Rac8 15.Nb5 Rc5
16.Nd4 g6 17.Be2 h5 18.Kb1 Rd8 19.Nxe6 Rxd1+ 20.Rxd1 fxe6 21.Rc1 b5 22.b3 h4
23.bxc4 b4 24.Kb2 Nc6 25.Ra1 Ra5 26.Nc2 Nd7 27.a3 bxa3+ 28.Nxa3 Nc5 29.Bf1  1/2-1/2

[Event "16th Dubai Open 2014"]
[Site "Dubai UAE"]
[Date "2014.04.13"]
[Round "7.18"]
[White "Nezad,H"]
[Black "Stojanovic,Mih"]
[Result "0-1"]
[WhiteElo "2366"]
[BlackElo "2568"]

1.d4 d5 2.c4 dxc4 3.e4 Nf6 4.e5 Nd5 5.Bxc4 Nb6 6.Bd3 Nc6 7.Ne2 Bg4 8.f3 Be6
9.Nbc3 Qd7 10.Ne4 Bd5 11.Nc5 Qc8 12.Nf4 e6 13.Be3 Bxc5 14.dxc5 Nc4 15.Bxc4 Bxc4
16.Qa4 Bd5 17.Nh5 Rg8 18.Qg4 Nxe5 19.Nf6+ Kf8 20.Nxh7+ Ke7 21.Qd4 f6 22.O-O-O Qe8
23.Bg5 Nd7 24.Rhe1 c6 25.Bf4 Qh5 26.Qe3 e5 27.Ng5 fxg5 28.Bxe5 Rge8 29.g4 Qg6
30.f4 Kf7 31.f5 Qh6 32.Qg3 Qh4 33.Qc3 Nxe5 34.Rxe5 Qxg4  0-1

[Event "TCh-HUN 2013-14"]
[Site "Paks HUN"]
[Date "2014.04.13"]
[Round "8"]
[White "Gledura,B"]
[Black "Fodor,T jr"]
[Result "0-1"]
[WhiteElo "2422"]
[BlackElo "2454"]

1.d4 d5 2.c4 dxc4 3.e4 e5 4.Nf3 exd4 5.Bxc4 Nc6 6.O-O Bc5 7.Ng5 Nh6 8.e5 Be7
9.Nf3 Nf5 10.Nbd2 O-O 11.a3 a5 12.b3 Be6 13.Bd3 Qd7 14.Qc2 Kh8 15.h3 f6 16.exf6 Bxf6
17.Ne4 Be7 18.Bb2 Bd5 19.Rad1 Qe6 20.Nfg5 Qg8 21.Nc5 g6 22.Bxf5 Rxf5 23.Rxd4 Nxd4
24.Bxd4+ Bf6 25.Qxf5 Bxd4 26.Qf4 Bg7 27.Rd1 h6 28.Nge4 Rf8 29.Qxc7 Bxe4 30.Nxe4 Qxb3
31.Qd6 Kh7 32.g3 b5 33.Rd3 Qc4 34.Nc5 Rf6 35.Qd5 Rf5  0-1

[Event "TCh-CZE Zapad 2013-14"]
[Site "Prague CZE"]
[Date "2014.04.13"]
[Round "11.1"]
[White "Studnicka,Toma"]
[Black "Soukup,J"]
[Result "1/2-1/2"]
[WhiteElo "2358"]
[BlackElo "2325"]

1.d4 d5 2.c4 dxc4 3.e4 e5 4.Nf3 exd4 5.Bxc4 Nc6 6.O-O Be6 7.Bb5 Bd7 8.e5 Bc5
9.Nbd2 Nge7 10.Ne4 Bb6 11.Bd3 Bg4 12.h3 Bxf3 13.Qxf3 Nxe5 14.Qg3 N7g6 15.Bb5+ c6
16.Ba4 O-O 17.f4 d3+ 18.Kh1 Qd4 19.Nc3 d2 20.Bxd2 Qxd2 21.fxe5 Bc7 22.Rae1 Qxb2
23.Bb3 Rae8 24.Rxf7 Rxf7 25.Bxf7+ Kxf7 26.e6+ Kg8 27.Qxc7 Qf2 28.Re4 Re7
29.Qb8+ Qf8 30.Qxa7 Qe8 31.Qe3 Nf8 32.a4 Rxe6 33.a5 Qf7 34.Rxe6 Qxe6 35.Ne4 c5
36.Qf4 c4 37.Nc5 Qd5 38.Nxb7 c3 39.Qc7 Qd3 40.Nd8 Nd7 41.a6 c2 42.a7 Qf1+  1/2-1/2

[Event "45th Marcel Duchamp Open 2014"]
[Site "Mar del Plata ARG"]
[Date "2014.04.15"]
[Round "5.2"]
[White "Krysa,L"]
[Black "Ricardi,P"]
[Result "1/2-1/2"]
[WhiteElo "2427"]
[BlackElo "2461"]

1.d4 d5 2.c4 dxc4 3.e4 c5 4.d5 Nf6 5.Nc3 e6 6.Bxc4 exd5 7.exd5 a6 8.Nf3 Bd6
9.Qe2+ Qe7 10.Qxe7+ Bxe7 11.a4 Bd6 12.Bg5 Nbd7 13.O-O O-O 14.a5 h6 15.Bh4 b5
16.axb6 Nxb6 17.Ba2 g5 18.Bg3 Rd8 19.Bxd6 Rxd6 20.Nd2 Bf5 21.Nc4 Nxc4 22.Bxc4 Rb8
23.b3 Ne4 24.Nxe4 Bxe4 25.Rfe1 Bc2 26.Re2 Bxb3 27.Rb1 Rb4 28.Bxb3 Rdb6 29.d6 Rxb3
30.Rxb3 Rxb3 31.f4 Rb8 32.fxg5 hxg5 33.Re5  1/2-1/2

[Event "O2C Doeberl Cup 2014"]
[Site "Canberra AUS"]
[Date "2014.04.19"]
[Round "5.8"]
[White "Li,Zuhao Luke"]
[Black "Izzat,Kanan"]
[Result "1-0"]
[WhiteElo "2326"]
[BlackElo "2383"]

1.d4 d5 2.c4 dxc4 3.e4 Nf6 4.e5 Nd5 5.Bxc4 Nc6 6.Nc3 Be6 7.Bb3 Na5 8.Ba4+ c6
9.Nge2 Nxc3 10.bxc3 Bc4 11.O-O e6 12.Re1 Qc7 13.Ng3 O-O-O 14.Bg5 Rd7 15.Ne4 Bd5
16.Qe2 h6 17.Bf4 Bxe4 18.Qxe4 Ba3 19.Rab1 Rhd8 20.Red1 Nc4 21.Bb3 Na5 22.Be3 c5
23.Ba4 Rd5 24.Qd3 c4 25.Qe2 a6 26.Bc2 R5d7 27.Be4 b5 28.f4 Nc6 29.Qg4 g6
30.Bf2 Ne7 31.Bh4 h5 32.Qf3 Kb8 33.h3 Rc8 34.Bxe7 Bxe7 35.a4 b4 36.cxb4 c3
37.Bc2 Rcd8 38.Qe3 Qc4 39.Bb3 Qc7 40.Rd3 c2 41.Rc1 Qb6 42.a5 Qa7 43.d5 Qxe3+
44.Rxe3 Bxb4 45.Rxc2 Bxa5 46.dxe6 Bb6 47.exd7 Bxe3+ 48.Kf1 Rxd7 49.g3 Kb7
50.Ke2 Bb6 51.Ba4 Re7 52.Rc6 g5 53.h4 gxh4 54.gxh4 Bd8 55.Rd6 Kc8 56.Rxa6 Rb7
57.Be8 Re7 58.Ra8+ Kc7 59.Bxf7 Kd7 60.Bxh5 Bc7 61.Bg4+ Kc6 62.Kf3 Kd5 63.Ra7 Bd8
64.Ra3 Bc7 65.h5 Bxe5 66.fxe5 Kxe5 67.Ra6 Rf7+ 68.Kg3 Rf6 69.Ra5+ Kd6 70.Ra7 Rf8
71.h6 Rh8 72.h7 Ke5 73.Bd1 Kf6 74.Bb3 Kg6 75.Bg8 Kf6 76.Kf4 Rxg8 77.hxg8=R  1-0

[Event "18th Neckar Open 2014"]
[Site "Deizisau GER"]
[Date "2014.04.20"]
[Round "6.1"]
[White "Brunello,S"]
[Black "Kunin,V"]
[Result "1-0"]
[WhiteElo "2575"]
[BlackElo "2554"]

1.d4 d5 2.c4 dxc4 3.e4 e5 4.Nf3 exd4 5.Bxc4 Nc6 6.O-O Nf6 7.e5 Ne4 8.Re1 Nc5
9.Bg5 Be7 10.Bxe7 Qxe7 11.Nxd4 Nxd4 12.Qxd4 Be6 13.Bxe6 Nxe6 14.Qe4 O-O-O
15.Nc3 Kb8 16.Rad1 h6 17.Kf1 Qc5 18.f4 g6 19.g3 h5 20.Rd5 Rxd5 21.Qxd5 Qe7
22.Rd1 h4 23.Kg2 a6 24.Qc4 Qf8 25.Ne4 hxg3 26.hxg3 Qh6 27.Nf2 Qh2+ 28.Kf3 c5
29.Rd6 Nd4+ 30.Rxd4 cxd4 31.Qxf7 g5 32.fxg5 Rc8 33.e6 Rc2 34.Qf4+ Ka8 35.Qxd4 Qh5+
36.g4 Qxg5 37.Ne4 Qh4 38.Qd7 Rc1 39.Ng3 Re1 40.Qc8+ Ka7 41.Qc5+ Ka8 42.Qc3 Rd1
43.Qc8+ Ka7 44.Qc5+ Ka8 45.e7 Qh8 46.Qf5 Ka7 47.Qf8 Qh3 48.Kf4 Rd4+ 49.Ke5 Qxg3+
50.Kxd4 Qxg4+ 51.Ke3 Qg5+ 52.Kf3 Qd5+ 53.Kg3 Qg5+ 54.Kf2 Qc5+ 55.Kg2 Qg5+
56.Kf3 Qd5+ 57.Kf4 Qd4+ 58.Kf5 Qd5+ 59.Kg6 Qe4+ 60.Kg7 Qg2+ 61.Kh8 Qh3+ 62.Kg8 Qg4+
63.Qg7 Qc8+ 64.Kf7 Qc4+ 65.Kf8 Qc5 66.Qf6 a5 67.Qf4 Ka6 68.a4 Ka7 69.Qe4 Ka6
70.Kg7 Qg5+ 71.Qg6+  1-0

[Event "13th Asian Continental 2014"]
[Site "Sharjah UAE"]
[Date "2014.04.22"]
[Round "6.22"]
[White "Abdyjapar,Asyl"]
[Black "Igonin,Temur"]
[Result "1-0"]
[WhiteElo "2406"]
[BlackElo "2194"]

1.d4 d5 2.c4 dxc4 3.e4 Nf6 4.e5 Nd5 5.Bxc4 Nb6 6.Bb3 Nc6 7.Ne2 Bf5 8.Nbc3 e6
9.O-O Qd7 10.Be3 O-O-O 11.a3 Kb8 12.Rc1 Be7 13.Na4 f6 14.exf6 gxf6 15.Nc5 Bxc5
16.Rxc5 Ne7 17.Bf4 Nbd5 18.Bg3 Ka8 19.Ba4 c6 20.b4 Nb6 21.Bb3 Rc8 22.a4 Rhd8
23.Re1 Qe8 24.Qc1 Nd7 25.Rc4 Nb6 26.Rc5 Nd7 27.Rc3 Nd5 28.Bxd5 cxd5 29.Bc7 Nb6
30.Bxd8 Rxd8 31.a5 Nc4 32.Ng3 Bg6 33.h4 e5 34.dxe5 fxe5 35.Rxc4 dxc4 36.Qxc4 Qe7
37.Rc1 a6 38.b5 Bd3 39.Qc8+  1-0

[Event "13th Asian Continental 2014"]
[Site "Sharjah UAE"]
[Date "2014.04.25"]
[Round "9.28"]
[White "Abdulkarim,A"]
[Black "Igonin,Temur"]
[Result "0-1"]
[WhiteElo "1927"]
[BlackElo "2194"]

1.d4 d5 2.c4 dxc4 3.e4 Nf6 4.e5 Nd5 5.Bxc4 Nb6 6.Bd3 Nc6 7.Ne2 Bg4 8.Be3 e6
9.Nbc3 Be7 10.O-O O-O 11.Qb1 g6 12.f3 Bf5 13.Bh6 Re8 14.g4 Bxd3 15.Qxd3 Nxe5
16.Qe4 Nc6 17.f4 Nc4 18.Qd3 Nd6 19.d5 exd5 20.Nxd5 Ne4 21.Kg2 Bc5 22.Rac1 Nb4
23.Nxb4 Bxb4 24.Qxd8 Raxd8 25.Rxc7 Rd2 26.Kf3 Nf6 27.Nc1 Nd5  0-1

[Event "Sydney Open 2014"]
[Site "Sydney AUS"]
[Date "2014.04.25"]
[Round "5.10"]
[White "Li,Zuhao Luke"]
[Black "Lane,G"]
[Result "1/2-1/2"]
[WhiteElo "2326"]
[BlackElo "2362"]

1.d4 d5 2.c4 dxc4 3.e4 e5 4.Nf3 exd4 5.Qxd4 Qxd4 6.Nxd4 Nf6 7.Bxc4 Bc5 8.Nb3 Nxe4
9.O-O Bb6 10.Nc3 Nd6 11.Re1+ Kf8 12.Bd5 Nc6 13.Bf4 Bd7 14.Na4 Rd8 15.Nxb6 axb6
16.Bxd6+ cxd6 17.Rad1 h5 18.Nd4 Rh6 19.h4 Re8 20.Rxe8+ Kxe8 21.g3 Rf6 22.f4 Nxd4
23.Rxd4 Bc6 24.b4 Rh6 25.Kf2 Ke7 26.Bc4 b5 27.Bb3 Bd7 28.Re4+ Be6 29.Bd1 Kd7
30.a3 Bc4 31.Ke3 f5 32.Rd4 Re6+ 33.Kf2 g6 34.Bf3 d5 35.Rd1 Rd6 36.Ke3 Kc6
37.Kd4 Re6 38.Rg1 Kd6 39.Rb1 Re8 40.Rc1 Ra8 41.Rc3 Re8  1/2-1/2

[Event "ch-ROU w 2014"]
[Site "Targu Mures ROU"]
[Date "2014.04.30"]
[Round "5.8"]
[White "Nastase,Andreea-Cristina"]
[Black "Ionescu,I"]
[Result "0-1"]
[WhiteElo "1672"]
[BlackElo "2250"]

1.d4 d5 2.c4 dxc4 3.e4 Nf6 4.Nc3 e5 5.Nf3 exd4 6.Qxd4 Qxd4 7.Nxd4 Bc5 8.Ndb5 Na6
9.Bf4 O-O 10.Bxc4 c6 11.Nd6 b5 12.Bb3 Nb4 13.Ke2 Be6 14.Bxe6 fxe6 15.Nb7 Nh5
16.g3 Nxf4+ 17.gxf4 Bb6 18.Rae1 Rxf4 19.f3 Raf8 20.a3 Na6 21.Rhf1 Rh4 22.Rh1 Rh3
23.Ref1 Bc7 24.b4 Be5 25.Nd1 Rxh2+ 26.Rxh2 Bxh2 27.Nb2 Rb8 28.Na5 c5 29.Nc6 Rb6
30.Nxa7 cxb4 31.axb4 Nxb4 32.Rb1 Na2 33.Rh1 Be5 34.Nd3 Bc3 35.Nc8 Rb8 36.Ne7+ Kf7
37.Nc6 Ra8 38.Rxh7 b4 39.Rh5 Ra6 40.Ra5 Rxc6 41.Rxa2 Rb6 42.Rc2 Ra6 43.Nc1 Ke7
44.Kd3 Ra3 45.Kc4 Be1 46.Nd3 Ra1 47.Nxe1 Rxe1 48.Kxb4 Kf6 49.Kc4 Re3 50.Rc3 Rxc3+
51.Kxc3 Ke5 52.Kd3 Kf4 53.Ke2 Kg3 54.Ke3 e5 55.Ke2 g6 56.Ke3 g5 57.Ke2 Kg2
58.Ke3 Kf1  0-1

[Event "4NCL 2013-14"]
[Site "Hinckley ENG"]
[Date "2014.05.05"]
[Round "11.153"]
[White "Guthrie,D"]
[Black "Varnam,L"]
[Result "1/2-1/2"]
[WhiteElo "2194"]
[BlackElo "2120"]

1.d4 d5 2.c4 dxc4 3.e4 e5 4.Nf3 exd4 5.Bxc4 Nc6 6.O-O Be6 7.Bb5 Bc5 8.b4 Bb6
9.a4 a6 10.Bxc6+ bxc6 11.a5 Ba7 12.Bb2 Qd6 13.Nbd2 Ne7 14.Qc2 f6 15.Nb3 Bxb3
16.Qxb3 Rb8 17.Qc4 Rxb4 18.Qxa6 Rxb2 19.Qxa7 c5 20.e5 Qc6 21.Rfc1 O-O 22.Rxc5 Ra8
23.Qxc7 Qxc7 24.Rxc7 Rxa5 25.Rd1 Nd5 26.Rc8+ Kf7 27.exf6 gxf6 28.Rc4 Nc3
29.Re1 Raa2 30.Nxd4 Rxf2 31.Rxc3 Rxg2+ 32.Kh1 Rxh2+ 33.Kg1 Rag2+ 34.Kf1  1/2-1/2

[Event "32nd Metz Open 2014"]
[Site "Metz FRA"]
[Date "2014.05.06"]
[Round "6.3"]
[White "Zakhartsov,Vi"]
[Black "Bauer,Ch"]
[Result "1-0"]
[WhiteElo "2541"]
[BlackElo "2628"]

1.d4 d5 2.c4 dxc4 3.e4 b5 4.a4 c6 5.axb5 cxb5 6.Nc3 a6 7.Nxb5 axb5 8.Rxa8 Bb7
9.Ra1 e6 10.f3 Nf6 11.Ne2 Nc6 12.Be3 Na5 13.Nc1 Nc6 14.Kf2 Qb6 15.Ne2 e5
16.Qd2 Bb4 17.d5 Qd8 18.Qc2 Na5 19.Nc3 Ba6 20.Bxc4 Nxc4 21.Rxa6 O-O 22.Rha1 Nd7
23.Ba7 Nc5 24.Nxb5 Qh4+ 25.Kg1 Ne3 26.Qf2 Qxf2+ 27.Kxf2 Nc2 28.R1a2 f5 29.Ke2 Nxa6
30.Rxa6 fxe4 31.fxe4 Rf7 32.Bf2 Rf4 33.g3 Rf8 34.Rc6 Na1 35.Rc4 Be7 36.Rc7 Bf6
37.Nd6 Nb3 38.Rc8 Rxc8 39.Nxc8 Kf7 40.Kd3 Bg5 41.Nd6+  1-0

[Event "FSGM May 2014"]
[Site "Budapest HUN"]
[Date "2014.05.07"]
[Round "5.3"]
[White "Sarkar,J"]
[Black "Seres,L"]
[Result "0-1"]
[WhiteElo "2429"]
[BlackElo "2435"]

1.d4 d5 2.c4 dxc4 3.e4 e5 4.Nf3 exd4 5.Bxc4 Bb4+ 6.Nbd2 Nc6 7.O-O Qf6 8.e5 Qg6
9.Nh4 Qg4 10.Ndf3 Be7 11.h3 Qd7 12.e6 fxe6 13.Re1 Qd8 14.Nf5 exf5 15.Ng5 Qd6
16.Nf7 Qb4 17.Bb3 Bd7 18.Bd2 Qb6 19.Rc1 Nf6 20.Nxh8 O-O-O 21.Nf7 Re8 22.Ne5 Nxe5
23.Rxe5 Bd6 24.Rxe8+ Bxe8 25.Qe1 Bd7 26.Ba5 Qb5 27.Rc4 Qe5 28.Qxe5 Bxe5 29.Bb4 b6
30.Bf8 Ne4 31.Rc1 c5 32.f3 Bf4 33.Re1 Nd2 34.Bxg7 Nxb3 35.axb3 Be3+ 36.Kh2 a5
37.g4 f4 38.h4 Be6 39.h5 Bxb3 40.g5 Bc2 41.g6 hxg6 42.h6 g5 43.Kg2 a4 44.Rh1 Bh7
45.Kh3 a3 46.bxa3 c4 47.Rd1 c3 48.Rxd4 Bxd4 49.Bxd4 c2 50.Bb2 Bf5+ 51.Kg2 Kb7
52.Kf2 Ka6 53.Ke2 Kb5 54.Kd2 Kc4  0-1

[Event "52nd ch-IND National B 2014"]
[Site "Dharamshala IND"]
[Date "2014.05.15"]
[Round "9.6"]
[White "Vishnu,P"]
[Black "Murali Krishnan,B"]
[Result "1/2-1/2"]
[WhiteElo "2467"]
[BlackElo "2299"]

1.d4 d5 2.c4 dxc4 3.e4 c5 4.d5 Nf6 5.Nc3 e6 6.Bxc4 exd5 7.exd5 a6 8.Nf3 Bd6
9.O-O O-O 10.Bg5 h6 11.Bh4 Re8 12.Qc2 b5 13.Bd3 g5 14.Bg3 c4 15.Bf5 Bxf5
16.Qxf5 b4 17.Nd1 Bxg3 18.fxg3 Nbd7 19.Nf2 Qb6 20.Rad1 Re2 21.Nd4 Re5 22.Qf3 Rxd5
23.Nf5 Ne5 24.Nxh6+  1/2-1/2

[Event "Iasi Open 2014"]
[Site "Iasi ROU"]
[Date "2014.05.16"]
[Round "7.4"]
[White "Can,E"]
[Black "Prohaszka,P2"]
[Result "0-1"]
[WhiteElo "2513"]
[BlackElo "2575"]

1.d4 d5 2.c4 dxc4 3.e4 e5 4.Nf3 exd4 5.Bxc4 Nc6 6.O-O Bc5 7.a3 Bb6 8.b4 Nge7
9.Bb2 O-O 10.h3 Ng6 11.Nbd2 Nf4 12.Re1 d3 13.Nb3 Qd6 14.Bc1 Nxh3+ 15.gxh3 Qg3+
16.Kh1 Bxf2 17.Ra2 Bxe1 18.Nxe1 Ne5 19.Bxd3 Bxh3 20.Qe2 Nxd3  0-1

[Event "8th Agzamov Memorial 2014"]
[Site "Tashkent UZB"]
[Date "2014.05.23"]
[Round "9.6"]
[White "Volkov,Sergey1"]
[Black "Egin,V"]
[Result "1-0"]
[WhiteElo "2584"]
[BlackElo "2395"]

1.d4 d5 2.c4 dxc4 3.e4 Nf6 4.e5 Nd5 5.Bxc4 Nb6 6.Bd3 Nc6 7.Be3 Nb4 8.Be4 f5
9.a3 N4d5 10.Bf3 Nxe3 11.fxe3 g6 12.Ne2 c6 13.Nf4 Bh6 14.g3 Bxf4 15.gxf4 Be6
16.Nc3 Qd7 17.h4 O-O-O 18.Kf2 Bd5 19.a4 Bxf3 20.Qxf3 Nd5 21.a5 Nxc3 22.bxc3 Qd5
23.a6 b6 24.c4 Qxf3+ 25.Kxf3 e6 26.h5 Rdg8 27.Rag1 gxh5 28.Rxg8+ Rxg8 29.Rxh5 Rg7
30.e4 fxe4+ 31.Kxe4 b5 32.cxb5 cxb5 33.d5 exd5+ 34.Kxd5 b4 35.f5 b3 36.Rh2  1-0

[Event "e2e4 Sunningdale May Open 2014"]
[Site "Ascot ENG"]
[Date "2014.05.24"]
[Round "3"]
[White "Constantinou,Pe"]
[Black "Bonafont,P"]
[Result "1/2-1/2"]
[WhiteElo "2298"]
[BlackElo "2027"]

1.d4 d5 2.c4 dxc4 3.e4 e5 4.Nf3 exd4 5.Bxc4 Nc6 6.O-O Be6 7.Bxe6 fxe6 8.Qb3 Qd7
9.Qxb7 Rb8 10.Qa6 Nf6 11.Nbd2 Bd6 12.a3 O-O 13.Qd3 Ng4 14.h3 Nge5 15.Nxe5 Nxe5
16.Qxd4 Nd3 17.g3 Qb5 18.Qc4 Nxf2 19.Qxb5 Rxb5 20.Kg2 Nd3 21.Rxf8+ Kxf8 22.Nc4 Rb3
23.Be3 Ne5 24.Rf1+  1/2-1/2